000 00744nam a2200229 a 4500
001 000045485
005 20250520140417.0
008 150409s2013 dr a r 000 0 spa d
020 _a9789945885835
040 _aDO-SdBNP
_bspa
_cBNPHU
082 _a371.5
_bB928t
245 0 0 _aBuen trato :
_bdisciplina con amor y límites: guía práctica para maestros de escuela.
260 _aSanto Domingo :
_bPACAM,
_c2013.
300 _a12 p. :
_bil. ;
_c30 cm.
590 _aInventariado, 2018/BT
650 4 _aDisciplinaescolar
_973536
650 4 _aDisciplina infantil
_937190
650 4 _aConducta infantil
_92724
650 0 _aPsicología infantil
_92718
650 4 _aEducación de niños
_91753
910 _aValidado. Control de calidad. MFF
999 _c44974
_d44974